<?xml version="1.0" encoding="UTF-8"?>
<record
    xmlns:xsi="http://www.w3.org/2001/XMLSchema-instance"
    xsi:schemaLocation="http://www.loc.gov/MARC21/slim http://www.loc.gov/standards/marcxml/schema/MARC21slim.xsd"
    xmlns="http://www.loc.gov/MARC21/slim">

  <leader>02073nam0a2200397 i 4500</leader>
  <controlfield tag="001">RU\NLR\bibl\1937529</controlfield>
  <controlfield tag="005">20241102232448.0</controlfield>
  <datafield tag="010" ind1=" " ind2=" ">
    <subfield code="a">9785932522264</subfield>
    <subfield code="9">100</subfield>
  </datafield>
  <datafield tag="021" ind1=" " ind2=" ">
    <subfield code="a">RU</subfield>
    <subfield code="b">2012-54449</subfield>
    <subfield code="9">3967</subfield>
  </datafield>
  <datafield tag="035" ind1=" " ind2=" ">
    <subfield code="a">(nilc)LIBNET\0000233887</subfield>
  </datafield>
  <datafield tag="035" ind1=" " ind2=" ">
    <subfield code="a">(NLR Aleph) 001926822</subfield>
  </datafield>
  <datafield tag="090" ind1=" " ind2=" ">
    <subfield code="a">3381240</subfield>
    <subfield code="c">3381240</subfield>
  </datafield>
  <datafield tag="100" ind1=" " ind2=" ">
    <subfield code="a">20120427d2011    u  y0rusy50      ca</subfield>
  </datafield>
  <datafield tag="101" ind1="0" ind2=" ">
    <subfield code="a">rus</subfield>
  </datafield>
  <datafield tag="102" ind1=" " ind2=" ">
    <subfield code="a">RU</subfield>
  </datafield>
  <datafield tag="105" ind1=" " ind2=" ">
    <subfield code="a">a   |||||||||</subfield>
  </datafield>
  <datafield tag="200" ind1="1" ind2=" ">
    <subfield code="a">&#x41F;&#x440;&#x43E;&#x435;&#x43A;&#x442;&#x438;&#x440;&#x43E;&#x432;&#x430;&#x43D;&#x438;&#x435; &#x432; &#x43C;&#x430;&#x442;&#x435;&#x440;&#x438;&#x430;&#x43B;&#x435;. &#x421;&#x43E;&#x432;&#x440;&#x435;&#x43C;&#x435;&#x43D;&#x43D;&#x44B;&#x435; &#x441;&#x43F;&#x43E;&#x441;&#x43E;&#x431;&#x44B; &#x448;&#x432;&#x435;&#x439;&#x43D;&#x43E;&#x439; &#x43E;&#x431;&#x440;&#x430;&#x431;&#x43E;&#x442;&#x43A;&#x438; &#x442;&#x440;&#x438;&#x43A;&#x43E;&#x442;&#x430;&#x436;&#x43D;&#x44B;&#x445; &#x438;&#x437;&#x434;&#x435;&#x43B;&#x438;&#x439;</subfield>
    <subfield code="e">&#x443;&#x447;&#x435;&#x431;&#x43D;&#x43E;&#x435; &#x43F;&#x43E;&#x441;&#x43E;&#x431;&#x438;&#x435;</subfield>
    <subfield code="e">[&#x434;&#x43B;&#x44F; &#x441;&#x442;&#x443;&#x434;&#x435;&#x43D;&#x442;&#x43E;&#x432; &#x43F;&#x43E; &#x43D;&#x430;&#x43F;&#x440;&#x430;&#x432;&#x43B;&#x435;&#x43D;&#x438;&#x44E; 072500 "&#x414;&#x438;&#x437;&#x430;&#x439;&#x43D;" &#x43F;&#x440;&#x43E;&#x444;&#x438;&#x43B;&#x44F; &#x43F;&#x43E;&#x434;&#x433;&#x43E;&#x442;&#x43E;&#x432;&#x43A;&#x438; 072500.62 "&#x414;&#x438;&#x437;&#x430;&#x439;&#x43D; &#x442;&#x440;&#x438;&#x43A;&#x43E;&#x442;&#x430;&#x436;&#x43D;&#x44B;&#x445; &#x438;&#x437;&#x434;&#x435;&#x43B;&#x438;&#x439;"]</subfield>
    <subfield code="f">&#x421;. &#x411;. &#x41A;&#x430;&#x442;&#x430;&#x435;&#x432;&#x430;, &#x413;. &#x418;. &#x41C;&#x430;&#x440;&#x442;&#x44B;&#x43D;&#x44E;&#x43A;</subfield>
    <subfield code="g">&#x41C;&#x418;&#x41D;&#x41E;&#x411;&#x420;&#x41D;&#x410;&#x423;&#x41A;&#x418; &#x420;&#x43E;&#x441;&#x441;&#x438;&#x438;, &#x41E;&#x43C;. &#x433;&#x43E;&#x441;. &#x438;&#x43D;-&#x442; &#x441;&#x435;&#x440;&#x432;&#x438;&#x441;&#x430;, &#x41A;&#x430;&#x444;. &#x414;&#x438;&#x437;&#x430;&#x439;&#x43D;&#x430; &#x43A;&#x43E;&#x441;&#x442;&#x44E;&#x43C;&#x430;</subfield>
  </datafield>
  <datafield tag="210" ind1=" " ind2=" ">
    <subfield code="a">&#x41E;&#x43C;&#x441;&#x43A;</subfield>
    <subfield code="c">&#x41E;&#x413;&#x418;&#x421;</subfield>
    <subfield code="d">2011</subfield>
  </datafield>
  <datafield tag="215" ind1=" " ind2=" ">
    <subfield code="a">100 &#x441;.</subfield>
    <subfield code="c">&#x438;&#x43B;.</subfield>
    <subfield code="d">21</subfield>
  </datafield>
  <datafield tag="320" ind1=" " ind2=" ">
    <subfield code="a">&#x411;&#x438;&#x431;&#x43B;&#x438;&#x43E;&#x433;&#x440;.: &#x441;. 88-89 (13 &#x43D;&#x430;&#x437;&#x432;.)</subfield>
  </datafield>
  <datafield tag="320" ind1=" " ind2=" ">
    <subfield code="a">&#x410;&#x43B;&#x444;.-&#x43F;&#x440;&#x435;&#x434;&#x43C;. &#x443;&#x43A;&#x430;&#x437;.: &#x441;. 99-100</subfield>
  </datafield>
  <datafield tag="517" ind1="0" ind2=" ">
    <subfield code="a">&#x421;&#x43E;&#x432;&#x440;&#x435;&#x43C;&#x435;&#x43D;&#x43D;&#x44B;&#x435; &#x441;&#x43F;&#x43E;&#x441;&#x43E;&#x431;&#x44B; &#x448;&#x432;&#x435;&#x439;&#x43D;&#x43E;&#x439; &#x43E;&#x431;&#x440;&#x430;&#x431;&#x43E;&#x442;&#x43A;&#x438; &#x442;&#x440;&#x438;&#x43A;&#x43E;&#x442;&#x430;&#x436;&#x43D;&#x44B;&#x445; &#x438;&#x437;&#x434;&#x435;&#x43B;&#x438;&#x439;</subfield>
  </datafield>
  <datafield tag="606" ind1=" " ind2=" ">
    <subfield code="a">&#x422;&#x440;&#x438;&#x43A;&#x43E;&#x442;&#x430;&#x436;&#x43D;&#x44B;&#x435; &#x438;&#x437;&#x434;&#x435;&#x43B;&#x438;&#x44F;</subfield>
    <subfield code="j">&#x423;&#x447;&#x435;&#x431;&#x43D;&#x44B;&#x435; &#x438;&#x437;&#x434;&#x430;&#x43D;&#x438;&#x44F; &#x434;&#x43B;&#x44F; &#x432;&#x44B;&#x441;&#x448;&#x438;&#x445; &#x443;&#x447;&#x435;&#x431;&#x43D;&#x44B;&#x445; &#x437;&#x430;&#x432;&#x435;&#x434;&#x435;&#x43D;&#x438;&#x439;</subfield>
    <subfield code="x">&#x41F;&#x43E;&#x448;&#x438;&#x432;</subfield>
    <subfield code="9">1817560</subfield>
    <subfield code="3">RU\NLR\auth\661113250</subfield>
  </datafield>
  <datafield tag="610" ind1="1" ind2=" ">
    <subfield code="a">&#x422;&#x420;&#x418;&#x41A;&#x41E;&#x422;&#x410;&#x416;&#x41D;&#x41E;&#x415; &#x418;&#x417;&#x414;&#x415;&#x41B;&#x418;&#x415;</subfield>
  </datafield>
  <datafield tag="610" ind1="1" ind2=" ">
    <subfield code="a">&#x41F;&#x420;&#x41E;&#x415;&#x41A;&#x422;&#x418;&#x420;&#x41E;&#x412;&#x410;&#x41D;&#x418;&#x415; &#x41E;&#x414;&#x415;&#x416;&#x414;&#x42B;</subfield>
  </datafield>
  <datafield tag="610" ind1="1" ind2=" ">
    <subfield code="a">&#x41E;&#x422;&#x414;&#x415;&#x41B;&#x41A;&#x410; &#x41E;&#x414;&#x415;&#x416;&#x414;&#x42B;</subfield>
  </datafield>
  <datafield tag="686" ind1=" " ind2=" ">
    <subfield code="a">37.238-02&#x44F;73</subfield>
    <subfield code="v">LBC/RL</subfield>
    <subfield code="2">rubbk</subfield>
  </datafield>
  <datafield tag="686" ind1=" " ind2=" ">
    <subfield code="a">&#x41C;380.603&#x44F;73-1</subfield>
  </datafield>
  <datafield tag="700" ind1=" " ind2="1">
    <subfield code="a">&#x41A;&#x430;&#x442;&#x430;&#x435;&#x432;&#x430;</subfield>
    <subfield code="b">&#x421;. &#x411;.</subfield>
    <subfield code="g">&#x421;&#x432;&#x435;&#x442;&#x43B;&#x430;&#x43D;&#x430; &#x411;&#x43E;&#x440;&#x438;&#x441;&#x43E;&#x432;&#x43D;&#x430;</subfield>
    <subfield code="4">070</subfield>
  </datafield>
  <datafield tag="701" ind1=" " ind2="1">
    <subfield code="a">&#x41C;&#x430;&#x440;&#x442;&#x44B;&#x43D;&#x44E;&#x43A;</subfield>
    <subfield code="b">&#x413;. &#x418;.</subfield>
    <subfield code="g">&#x413;&#x430;&#x43B;&#x438;&#x43D;&#x430; &#x418;&#x432;&#x430;&#x43D;&#x43E;&#x432;&#x43D;&#x430;</subfield>
    <subfield code="4">070</subfield>
  </datafield>
  <datafield tag="801" ind1=" " ind2="0">
    <subfield code="a">RU</subfield>
    <subfield code="b">&#x41E;&#x43C;&#x441;&#x43A;&#x430;&#x44F; &#x413;&#x41E;&#x41D;&#x411;</subfield>
    <subfield code="c">20120427</subfield>
    <subfield code="g">rcr</subfield>
  </datafield>
  <datafield tag="801" ind1=" " ind2="1">
    <subfield code="a">RU</subfield>
    <subfield code="b">&#x41E;&#x43C;&#x441;&#x43A;&#x430;&#x44F; &#x413;&#x41E;&#x41D;&#x411;</subfield>
    <subfield code="c">20120427</subfield>
    <subfield code="g">rcr</subfield>
    <subfield code="2">rusmarc</subfield>
  </datafield>
  <datafield tag="801" ind1=" " ind2="2">
    <subfield code="a">RU</subfield>
    <subfield code="b">NLR</subfield>
    <subfield code="c">20120824</subfield>
    <subfield code="g">rcr</subfield>
  </datafield>
  <datafield tag="942" ind1=" " ind2=" ">
    <subfield code="c">BOOK</subfield>
  </datafield>
  <datafield tag="980" ind1=" " ind2=" ">
    <subfield code="a">NBR</subfield>
  </datafield>
</record>
